Nobel Prize Categories Quiz Stats

 Plays Quiz Updated Jan 24, 2019

     
Support Sporcle.
Go Orange.
Score 0/6 Timer 01:00
9 Plays Today
% Correct
Nobel Peace Prize
93.9%
Nobel Prize in Literature
85.1%
Nobel Prize in Physics
80%
Nobel Prize in Chemistry
76.8%
Nobel Prize in Medicine
50.1%
Prize in Economics*
45%

From the Vault

World Federations

by diving

Places where you can call the feds.
Remove Ads.
Support Sporcle.
Get the best of Sporcle when you Go Orange. This ad-free experience offers more features, more stats, and more fun while also helping to support Sporcle. Thank you for becoming a member.

Show Comments

Extras

Top Quizzes Today


Score Distribution

Your Account Isn't Verified!

In order to create a playlist on Sporcle, you need to verify the email address you used during registration. Go to your Sporcle Settings to finish the process.

Report this User

Report this user for behavior that violates our Community Guidelines.

Details: